Responses for Show #4914 - Thursday, January 12, 2006

Kevin Marshall game 3.

(Sarah: Don't pull your ripcord yet! We've got plenty of adrenaline-pumping clues with the Golden Knights next on Jeopardy!)

Contestants

[<< previous game]

Jesse Liu, a grad student from Boston, Massachusetts

Kerri Griffith, an editor from New York, New York

Kevin Marshall, a student from Metairie, Louisiana (whose 2-day cash winnings total $27,601)

[next game >>]

Jeopardy! Round responses

WEATHER
EASILY IMITATED
PARACHUTING WITH THE GOLDEN KNIGHTS
THE U.S. CONGRESS
FAMOUS FOLKS
HIDDEN COUNTRIES
(Alex: You have to identify the country that is hidden within each clue, and I'll tell you now that the letters are in order.)
    $200 1
Hawaii

Jesse
    $200 16
(Kevin: Who is Yosemite Sam?)
...
(Alex: [*], yes, "You're despicable!")

Daffy Duck

KevinJesse
    $200 22
the FAA

Kerri
    $200 17
a congressional district

Kerri
    $200 7
Jane Russell

Kerri
    $200 3
Spain (in spa in)

Kevin
    $400 2
(Jesse: What is a front?)

fog

Jesse
Triple Stumper
    $400 18
Groucho Marx

Kerri
    $400 23
nylon

Kevin
    $400 24
(Kerri: Who is Elizabeth I?)

Elizabeth II

KerriJesse
    $400 8
Nadia Comaneci

Jesse
    $400 11
(Kevin: What is...)

Iran (in chair and)

KevinKerri
    $600 4
(Jesse: What is a hurricane?)

a tornado

KevinJesse
    $600 19
Humphrey Bogart

Kerri
    $600 30
brakes

Triple Stumper
    $600 25
(Jesse: Uh, what are presidential oaths... of office?)
(Kerri: What are pledges of allegiance?)
...
(Alex: What are [*], but not the presidential [*].)

oaths of office

KerriJesse
Triple Stumper
    $600 9
Yuri Gagarin

Jesse
    $600 12
Peru (in Hype rubber)

Kerri
    $800 5
storm surge

Kevin
    $800 20
John Wayne

Kerri
    $800 29
freefalling

Kerri
    $800 26
Jeffords

Kevin
    $1,000 10
(Alex: Hurry.)
(Jesse: Who is... uh, Rosalynn Carter?)
...
(Alex: You had to think outside the box, outside the United States.)

Eva Peron

Jesse
    $800 13
Ghana (in through analysis)

Jesse
    $1000 6
Doppler

Kerri
    $1000 21
(Alex: Aha! Caught you!--with [*]! Finding Forrester, yes, indeed.)

Sean Connery

Triple Stumper
    $1000 28
tandem

Kerri
    $1000 27
lobbying

Kevin
    $1000 15
Kaiser Wilhelm II

Kerri
    $1000 14
Uganda (in Hug and accept)

Kerri

Scores at the first commercial break (after clue 14):

Kevin Kerri Jesse
$1,200 $3,200 $0

Scores at the end of the Jeopardy! Round:

Kevin Kerri Jesse
$3,200 $7,200 $0

Double Jeopardy! Round responses

THE CIVIL WAR
ED-UCATION
CHINESE REGIONAL CAPITALS
NEW -OLOGIES
(Alex: These are all based on words that end in "O-L". For instance, if we were saying "It's the study of pistols," that would be "pistology". That's the new kind of -ology.)
NOTIFY
NEXT OF "KIN"
    $400 1
horses

Kerri
    $400 16
Ed Bradley

Kevin
    $400 18
(Alex: Yes, capital of Tibet.)

Lhasa

Kevin
    $400 2
Warhology

Kerri
    $400 23
the Spanish-American War

Kevin
    $400 11
kindling

Jesse
    $800 7
a goober

Triple Stumper
    $800 17
Ed Harris

Jesse
    $800 21
Szechuan

Jesse
    $800 3
futbology

Kerri
    $800 24
Queen Victoria

Kevin
    $800 12
Kinshasa

Kerri
    $1200 8
(Kevin: What is Missouri?)
[Originally ruled incorrect; reversed before Daily Double at clue 15]

Arkansas

KevinJesse
    $1200 19
Ed Begley, Jr.

Kerri
    $1200 22
Haikou

Kevin
    $1200 4
aerosology

Kerri
    $1200 25
(Kerry: Who is Commodore Perry?)
(Alex: Yes, [*]. A minute to go.)

Oliver Hazard Perry

Kerri
    $1200 13
(Kevin: What is kinetoscope?)

a kinescope

KevinKerri
    $1600 9
the Hunley

Kevin
    $1600 20
Ed Norton

Jesse
    $5,000 29
Hong Kong

Kevin
    $1600 5
menthology

Kevin
    $1600 27
(Samuel) Morse

Kerri
    $1600 14
kinesiology

Kerri
    $2000 10
a bushwhacker

Kerri
    $2000 26
(Kevin: Who is Ed Coen?)

Edward Burns

Kevin
Triple Stumper
    $2000 30
Wuhan

Triple Stumper
    $2000 6
Gogology

Jesse
    $2000 28
the Battle of Trafalgar

Kevin
    $3,400 15
a kinkajou

Kerri

Scores at the end of the Double Jeopardy! Round:

Kevin Kerri Jesse
$14,600 $23,000 $6,800

[wagering suggestions for these scores]

Final Jeopardy! Round responses

CLASSIC MOVIE CHARACTERS
(Alex: Ah, was the Force with you, Jesse?)
[ZergCam]
JesseWho is Vandal?
$0
KevinWho is Da Darth Vader?
$14,600
KerriWho is Scrooge?
$7,201
Darth Vader

Final scores:

Kevin Kerri Jesse
$29,200 $15,799 $6,800
3-day champion: $56,801 2nd place: $2,000 3rd place: $1,000

Game dynamics:

Coryat scores:

Kevin Kerri Jesse
$11,200 $21,600 $7,800
16 R
(including 1 DD),
4 W
25 R
(including 1 DD),
2 W
12 R,
4 W
(including 1 DD)

Combined Coryat: $40,600

[game clues] [game scores] [suggest correction]

Game tape date: 2005-10-26
The J! Archive is created by fans, for fans. Scraping, republication, monetization, and malicious use prohibited; this site may use cookies and collect identifying information. See terms. The Jeopardy! game show and all elements thereof, including but not limited to copyright and trademark thereto, are the property of Jeopardy Productions, Inc. and are protected under law. This website is not affiliated with, sponsored by, or operated by Jeopardy Productions, Inc. Join the discussion at JBoard.tv.